000 00421nab a2200145Ia 4500
003 ES-SlBCS
005 20210601130846.0
008 140529s1897 xxu||||| |||| 00| 0 fre d
041 _afre
100 1 _aBatiffol, Pierre
_916865
245 0 0 _aLes logia du papyrus de Behnesa
_c Pierre Batiffol
650 0 4 _aPapiros
_9140155
773 0 _tRevue Biblique Internacionale
_gvol. 6, 1897, págs. 501-515
_wRev879
942 _cAR
999 _c553641
_d553641